000 00764cam a22002651 4500
001 35835
003 BD-RjUL
005 20211209052404.0
008 140610s1965 nju 000 0 eng
035 _a(BD-RjUL)35930
040 _aDLC
_cDLC
_dBD-RjUL
_beng
041 _aeng
082 0 0 _a190.82
_bENL 1965
245 0 4 _aThe Enlightenment /
_cEdited by Frank E. Manuel.
260 _aEnglewood Cliffs, N.J. :
_bPrentice-Hall,
_cc1965.
300 _aviii, 184 p. ;
_c21 cm.
490 0 _aA Spectrum book, S-121.
650 0 _aEnlightenment.
_9109155
650 0 _aPhilosophy.
_9109156
700 1 _aManuel, Frank Edward.
_971249
942 _2ddc
_cBK
999 _c35835
_d35835